000 00356nam a2200145Ia 4500
008 191201s2007 xx 000 0 und d
082 _a005.26
_bBRI
100 _aBrey, Barry B
245 0 _aIntel Microprocessors 8086/8088
250 _a2nd
260 _aN.Delhi
_bPearson Education
_c2007
300 _a1208
650 _aB.Tech(IT)
942 _2ddc
_cBK
_03
999 _c2837
_d2837